[Event "33rd ECCC Open 2017"]
[Site "Antalya"]
[Date "2017.10.12"]
[Round "4"]
[White "Petenyi, Tamas"]
[Black "Inarkiev, Ernesto"]
[Result "0-1"]
[WhiteElo "2449"]
[BlackElo "2693"]
[Annotator "TA"]
[PlyCount "178"]
[EventType "team-tourn"]
[EventCountry "TUR"]
[SourceTitle "playchess.com"]
[Source "ChessBase"]
[SourceQuality "1"]
[WhiteTeam "Dunajska Streda"]
[BlackTeam "Legacy Square Capital"]

{[%evp 17,178,0,0,-9,0,0,0,0,0,0,0,0,0,0,0,0,6,9,22,-8,0,0,1,0,0,-32,-27,-31,-26,-20,-37,-13,-16,-25,-19,-42,-31,-35,-35,-46,-35,-41,-28,-83,-53,-116,-114,-113,-105,-120,-13,-13,-8,-8,-8,-47,-47,-47,-47,-55,-40,-59,-36,-47,-47,-47,-47,-47,-15,-15,-22,-56,-56,-73,-64,-53,-36,-87,-87,-70,-63,-66,0,0,0,-68,-69,-70,-27,-27,-27,-64,0,-27,0,-70,0,-79,0,-134,-120,-196,-196,-196,-198,-154,-144,-87,-81,-279,-278,-277,-263,-382,-392,-369,-241,-392,-390,-2202,-1966,-1425,-397,-253,-203,-191,-193,-177,0,-132,-81,-101,-80,-382,-364,-381,-375,-370,-76,-1083,-1072,-1220,-1533,-1533,-1195,-1693,-1564,-3457,-2696,-29955,-29954,-29960,-29957,-29962,-29965,-29964,-29961,-29971,-29967,-29972,-29971,-29974,-29974]} 1. Nf3 Nf6 2. g3 b6 3. Bg2 Bb7 4. c4 c5 5. O-O g6 6. b3 Bg7 7. Bb2 O-O 8. d3 e6 9. Nbd2 d5 10. cxd5 {A30: Symmetrical English: Double Fianchetto and Hedgehog} (10. e3 Nc6 11. Qe2 Qc7 12. Rac1 e5 13. cxd5 Nxd5 14. a3 Rad8 15. Rc2 Rfe8 16. Nc4 Qd7 17. Qd1 Nc7 18. Bxe5 Bxe5 19. Nfxe5 Nxe5 20. Nxe5 Rxe5 21. Bxb7 Qxd3 22. Qxd3 Rxd3 {½-½ (84) Hansen,E (2574)-Troff,K (2541) Caleta 2015}) 10... exd5 11. d4 Nbd7 12. dxc5 {The position is equal.} bxc5 13. Rc1 Re8 14. Ne1 $146 {[%cal Bf3e1,Be1d3,Bd3f4][%mdl 32]} ({Predecessor:} 14. e3 a5 15. Re1 a4 16. Nb1 axb3 17. axb3 Qb6 {0-1 (53) Konstantinopolsky,A-Ilivitzki,G Moscow 1952}) 14... Qb6 15. Nd3 Rac8 16. Re1 a5 17. e3 a4 18. Nf4 Bc6 19. e4 Nxe4 20. Bxg7 $1 Kxg7 21. Bxe4 dxe4 22. Nc4 Qc7 23. Nd6 Red8 24. Nxc8 {aiming for Nh5+.} Ne5 $1 25. Qc2 {And now Qc3 would win.} Nf3+ 26. Kf1 Bb5+ 27. Kg2 Nxe1+ 28. Rxe1 Qxc8 29. Qc3+ Kg8 30. Qe5 (30. Rc1 $11 {keeps the balance.}) 30... Bc6 31. Re3 ({Only move:} 31. bxa4 $1 $15 e3+ 32. f3) 31... axb3 $17 32. axb3 Bb7 33. h4 Re8 (33... h6 $1 $17 34. Qe7 Rd7) 34. Qg5 $1 $11 Qf5 35. Qxf5 gxf5 {[%mdl 4096] Endgame KRB-KRN} 36. Kf1 Ra8 37. Rc3 Ra5 38. Ke2 Kf8 39. Ke3 Rb5 40. Kd2 Ke7 41. Rc1 h6 42. Kc3 Ra5 43. Kb2 Kf6 44. Rd1 Bc8 $1 45. Rd6+ Be6 $1 46. Rb6 Ke5 47. Rb8 (47. Ng2 $15) 47... Ra6 $17 48. Rb5 Kd6 49. Rb8 $1 Bd7 (49... Rc6 $15) 50. Rf8 $11 Be6 (50... Ke7 $11 51. Rh8 Rd6) 51. Rb8 $1 $15 Rc6 52. Kc3 Bc8 53. Ra8 Rc7 54. Rb8 Rc6 (54... Be6 $5) 55. Ra8 Be6 56. Rb8 Ra6 57. Kb2 $1 Ke5 (57... Ra7 $142) 58. Rb5 $1 $17 Kd4 $1 59. Ne2+ (59. Rb8 $17) 59... Kd3 $1 $19 {[%cal Rd3e2]} 60. Nf4+ {[#]} Kd2 $1 (60... Kd4 61. Rb8 $17) 61. Rxc5 Ke1 62. Rc2 Rb6 63. Ng2+ $2 (63. Re2+ $17 Kf1 64. Kc3) 63... Kf1 64. Ne3+ Kg1 65. b4 (65. Re2 {was called for.}) 65... Rxb4+ 66. Kc3 Rb8 {Threatens to win with ...Rc8+.} 67. Kd4 $2 (67. Re2 {was the only defense.}) 67... f6 68. h5 $2 (68. Re2 Rb3 69. Kc5) 68... Rd8+ 69. Kc5 Bf7 $2 (69... Rc8+ 70. Kd6 Rxc2 71. Nxc2 Ba2) 70. Rb2 Re8 ({Not} 70... Bxh5 71. Nxf5 Bf3 72. Nd6 $17) 71. Kd4 Be6 ({Less strong is} 71... Bxh5 72. Nxf5 Bg6 73. Nxh6 $15) 72. Kc5 Bf7 73. Kd4 {[#]} Re5 ({Much less strong is} 73... Bxh5 74. Nxf5 Bg6 75. Nxh6 $15) ({Black should try} 73... f4 $1 {[%cal Rf4e3]} 74. gxf4 Bxh5) 74. Rb6 Be6 75. Rb2 $2 {[%mdl 8192]} (75. Nxf5 $17 Kxf2 76. Ng7) 75... Ra5 76. Rd2 Bf7 77. g4 f4 $2 (77... Ra4+ $19 {and Black stays clearly on top.} 78. Kc5 f4) 78. Rd1+ $2 {[%mdl 8192]} (78. Kxe4 $17 fxe3 79. Kxe3) 78... Kxf2 79. Rf1+ Ke2 80. Rxf4 Ra4+ 81. Kc5 Kxe3 82. Rxf6 {KRB-KR} Ba2 83. Rxh6 Ra5+ {Black mates.} 84. Kb4 Rg5 85. Ra6 Bg8 86. h6 Rxg4 87. Ra7 Rh4 88. Rg7 Be6 89. h7 Bf5 {Precision: White = 51%, Black = 62%.} 0-1

[Event "33rd ECCC Open 2017"]
[Site "Antalya"]
[Date "2017.10.11"]
[Round "4"]
[White "Van Haastert, Edwin"]
[Black "Guseinov, Gadir"]
[Result "0-1"]
[WhiteElo "2447"]
[BlackElo "2647"]
[Annotator "TA"]
[PlyCount "110"]
[EventType "team-tourn"]
[EventCountry "TUR"]
[SourceTitle "playchess.com"]
[Source "ChessBase"]
[SourceQuality "1"]
[WhiteTeam "Leiden"]
[BlackTeam "Odlar Yurdu"]

{[%evp 11,110,44,52,25,25,25,24,33,27,0,11,2,1,14,11,6,9,0,0,0,0,0,-3,-32,-35,-51,-39,-34,-29,-79,-79,-73,-62,-100,-99,-85,-85,-134,-128,-150,-152,-150,-142,-137,-126,-124,-89,-86,-90,-87,-89,-140,-76,-84,-82,-85,-15,-15,-15,-63,-62,-58,-27,-53,-53,-60,-58,-61,-60,-60,-59,-62,-62,-64,-52,-43,-45,-41,-45,-45,-50,-51,-51,-51,-51,-51,-42,-133,-132,-151,-137,-242,-213,-511,-499,-426,-403,-872,-785,-29987,-29987]} 1. e4 c5 2. Nf3 {[%cal Bg1f3,Bf3d4,Bd4b5][%mdl 32]} g6 3. d4 cxd4 4. Nxd4 Nc6 5. c4 Bg7 6. Be3 Qb6 {[%cal Rc6d4]} 7. Nb5 {B38: Sicilian: Maroczy Bind with 5...Bg7 and 7...0-0} (7. Nb3 Qd8 8. Qd2 Nf6 9. Nc3 O-O 10. Be2 d6 11. O-O a5 12. Nd4 a4 13. Ndb5 Qa5 14. f3 Be6 {½-½ (22) Bacrot,E (2715)-Iturrizaga Bonelli,E (2662) Linares 2017}) 7... Qa5+ 8. N1c3 Nf6 9. f3 {White has an edge.} O-O 10. Qd2 a6 11. Nd4 Nxd4 12. Bxd4 d6 13. a3 $146 ({Predecessor:} 13. Be3 Be6 14. Nd5 Qxd2+ 15. Kxd2 Nxd5 16. cxd5 {½-½ (41) Gerasimov,I (2329)-Vorobiov,E (2579) Kazan 2015}) 13... Be6 14. b4 Qc7 15. Nd5 Bxd5 16. cxd5 Rfc8 17. Be2 Qc2 18. Rd1 Nd7 19. Bxg7 Kxg7 20. O-O Qxd2 21. Rxd2 Rc3 22. Rd3 Rxd3 23. Bxd3 $17 {[%mdl 4096] Endgame [#] KRB-KRN} Rc8 $1 24. Ra1 Rc3 25. Bf1 f5 26. exf5 gxf5 27. f4 Nf6 28. g3 Nxd5 29. Bg2 Rd3 30. Rc1 Kf6 31. Rc8 (31. Kf1 $142) 31... Ne3 (31... Ke6 $142 32. Bxd5+ Rxd5) 32. Bxb7 Rxa3 33. h3 Rb3 (33... Ra2 $17) 34. Bxa6 $11 Rxb4 35. Rf8+ Kg7 36. Re8 $1 {[%cal Re8e7]} Re4 37. Bd3 Kf7 38. Rh8 Rd4 39. Ba6 Rd2 {Strongly threatening ...Rg2+.} 40. Rxh7+ Kf8 41. Bb7 d5 {[%cal Bd6d5,Bd5d4][%mdl 32]} 42. Kh1 d4 {And now ...Rb2 would win.} 43. Rh8+ $1 Kg7 44. Re8 Kf7 45. Rd8 Nf1 46. g4 Ng3+ 47. Kg1 fxg4 48. hxg4 Ne2+ 49. Kf1 (49. Kg2 $15) 49... Nxf4 $17 50. g5 Kg6 51. Rg8+ (51. Re8 $17) 51... Kf5 $19 52. Bc8+ $2 {[#]} (52. Re8 {keeps fighting.}) 52... Ke4 53. Re8 Ng6 54. Be6 (54. Bg4 $142 e5 55. Be2) 54... Ke3 55. Bf7 Rf2+ {Precision: White = 43%, Black = 78%.} 0-1

[Event "33rd ECCC Open 2017"]
[Site "Antalya"]
[Date "2017.10.12"]
[Round "4"]
[White "Sulava, Nenad"]
[Black "Kryvoruchko, Yuriy"]
[Result "0-1"]
[WhiteElo "2442"]
[BlackElo "2692"]
[Annotator "TA"]
[PlyCount "53"]
[EventType "team-tourn"]
[EventCountry "TUR"]
[SourceTitle "playchess.com"]
[Source "ChessBase"]
[SourceQuality "1"]
[WhiteTeam "Nice Alekhine"]
[BlackTeam "Alkaloid"]

{[%evp 9,53,6,11,4,12,0,0,0,0,-7,0,0,0,0,0,0,0,0,0,-7,18,-7,0,-185,-174,-235,-226,-282,-286,-270,-275,-274,-200,-263,-107,-235,-244,-340,-236,-566,-525,-525,-159,-188,-175,-215]} 1. d4 Nf6 2. Nf3 e6 3. g3 d5 4. Bg2 b5 5. O-O Be7 6. Ne5 {A46: 1 d4 Nf6 2 Nf3 e6: Torre, London and Colle Systems} (6. Nbd2 Bb7 7. Ne5 Nbd7 8. c4 bxc4 9. Ndxc4 c5 10. Bf4 O-O 11. Rc1 Rc8 12. Qa4 Nxe5 13. dxe5 Bc6 {½-½ (33) Radjabov,T (2738)-Aronian,L (2784) Berlin 2015}) 6... O-O 7. Nd2 c5 8. dxc5 {The position is equal.} Bxc5 9. e4 Bb7 {[%cal Rd5e4]} 10. Nd3 Be7 {[%cal Rf6e4]} 11. e5 Nfd7 $36 {[%mdl 2048] Black is more active.} 12. Qg4 Nc6 13. Nf3 Re8 $146 ({Predecessor:} 13... Kh8) 14. Re1 Rc8 15. Bh6 {[%csl Gh6][%cal Rg4g7]} Bf8 16. Re2 $2 (16. Bd2 $11) 16... f5 $19 17. Qg5 (17. exf6 $142 Nxf6 18. Qh3 gxh6 19. Rxe6) 17... Qc7 18. g4 Kh8 19. Bxg7+ Bxg7 20. gxf5 {intending f6.} exf5 ({Weaker is} 20... Bxe5 21. Nfxe5 Ncxe5 22. Nxe5 $14) 21. Rae1 Rg8 (21... Ndxe5 $19 22. Nfxe5 Nxe5) 22. Qh5 {[#]} (22. Qh4 $17) 22... Ndxe5 $1 {[%mdl 512]} 23. Ndxe5 Nxe5 24. Nxe5 $2 (24. Rxe5 {nothing else works.} Bxe5 25. Nxe5) 24... Bxe5 25. Rxe5 Qg7 $2 (25... d4 $19 {has better winning chances.} 26. f3 {[#]} Be4 $1 {[%mdl 512]} 27. fxe4 Qxe5) 26. Qh3 {Re7 is the strong threat.} d4 ({Don't play} 26... Rxc2 27. Re8) 27. Qg3 {Precision: White = 34%, Black = 58%.} 0-1

[Event "33rd ECCC Open 2017"]
[Site "Antalya"]
[Date "2017.10.12"]
[Round "4"]
[White "Sepp, Olav"]
[Black "Thorfinnsson, Bjorn"]
[Result "1-0"]
[WhiteElo "2433"]
[BlackElo "2398"]
[Annotator "TA"]
[PlyCount "81"]
[EventType "team-tourn"]
[EventCountry "TUR"]
[SourceTitle "playchess.com"]
[Source "ChessBase"]
[SourceQuality "1"]
[WhiteTeam "Etela-Vantaan"]
[BlackTeam "Viking"]

{[%evp 16,81,20,-22,-24,-52,-21,-60,-55,-51,-55,-63,-60,-56,-52,-54,-47,-83,-72,-87,-83,-126,-114,-105,-70,-116,-79,-76,-70,-79,118,105,214,114,127,30,12,27,27,-15,0,-13,-13,-80,0,0,311,311,854,846,1039,1039,974,983,1145,1028,1008,980,999,948,973,958,958,932,1229,876,1361,1364]} 1. Nf3 d5 2. g3 Nf6 3. Bg2 c6 4. O-O Bf5 5. d3 e6 6. c4 Be7 7. cxd5 exd5 8. Nc3 O-O 9. Qb3 {LiveBook: 11 Games. A11: English Opening: 1...c6} Nbd7 $146 ({Predecessor:} 9... Qb6 10. Qc2 Nbd7 11. e4 dxe4 12. dxe4 Bg6 13. Be3 Qa5 14. Nh4 Rfe8 15. Rad1 Bc5 16. Bxc5 Qxc5 {½-½ (44) Meier,G (2632)-Vitiugov,N (2742) Dubai 2014}) 10. Nh4 Bg4 {Hoping for ...d4.} (10... Be6 $5 {[%cal Rd5d4]} 11. d4 Qb6 $15) 11. h3 {The position is equal.} Be6 $1 12. d4 Qc8 13. Qc2 Re8 14. Nf5 Bb4 15. g4 Bxf5 16. gxf5 Nb6 17. Bf4 Nc4 18. Rad1 h6 19. Kh1 Bd6 20. b3 Na3 21. Qc1 Bb4 22. Bxh6 gxh6 $2 ({Don't go for} 22... Bxc3 $2 23. Qg5 $18) (22... Qxf5 $17 {and life is bright.} 23. Rd3 Qh7) 23. Qxh6 $16 {White wants to mate with Rg1.} Nh7 {[#]} (23... Bxc3 24. Rg1 $18) (23... Bf8 $16 24. Qxf6 Qd8 25. Qxd8 Raxd8) 24. Bxd5 $1 {[%mdl 512]} Kh8 {[#]} (24... cxd5 25. Rg1+) 25. Bxf7 (25. Rg1 $1 $16 {[%csl Gg1][%cal Rh6g7]} Bf8 26. Qh5 cxd5 27. Nxd5) 25... Re7 $1 $11 {[%cal Re7f7]} 26. Be6 $40 {[%mdl 128] White mounts an attack.} Qf8 27. Qe3 Bxc3 $1 28. Qxc3 {Strongly threatening d5+.} Nb5 29. Qb2 {[#]} (29. Qe3 $11 {keeps the balance.}) 29... Nf6 (29... Qf6 $1 $17 {White must now prevent ...Ng5.} 30. f4 Nf8) 30. Rg1 {And now d5 would win.} Nc7 $2 {[%mdl 8192]} (30... Ne4 $1 $11 31. d5+ Nbc3) 31. d5 $1 $18 {Rg8+ is the strong threat.} cxd5 $2 (31... Nxe6 32. Rg6 (32. fxe6 Qh6 $11) 32... Ng5) 32. Rg8+ {White is clearly winning.} Kh7 33. Rxf8 Rxf8 34. Qe5 Rg7 35. Rg1 Rxg1+ 36. Kxg1 Nce8 37. Qg3 Ng7 38. Qg6+ Kh8 39. Kh2 Nh7 40. f3 d4 41. Bf7 {Precision: White = 54%, Black = 37%.} 1-0

[Event "33rd ECCC Open 2017"]
[Site "Antalya"]
[Date "2017.10.11"]
[Round "4"]
[White "Valeanu, Eduard-Andrei"]
[Black "McHugh, Kevin"]
[Result "1-0"]
[WhiteElo "2423"]
[BlackElo "2084"]
[Annotator "TA"]
[PlyCount "65"]
[EventType "team-tourn"]
[EventCountry "TUR"]
[SourceTitle "playchess.com"]
[Source "ChessBase"]
[SourceQuality "1"]
[WhiteTeam "Adare"]
[BlackTeam "Benildus"]

{[%evp 18,65,-1,-8,-7,0,18,7,43,20,24,20,33,40,56,56,59,49,67,67,67,64,64,64,53,59,82,37,88,79,68,81,161,162,166,166,161,161,183,166,164,100,173,186,221,230,387,389,589,570]} 1. e4 e6 2. Qe2 c5 3. g3 b6 4. Bg2 Bb7 5. Nf3 Be7 (5... d6 6. d4 cxd4 7. Nxd4 Nf6 8. O-O Nbd7 9. Rd1 a6 10. e5 Bxg2 11. exf6 Bh3 12. Qh5 Qxf6 13. Qxh3 Be7 14. Nc3 Qg6 15. Nc6 Ne5 16. Nxe7 Kxe7 17. Bf4 {1-0 (17) Carlsen,M (2843)-Caruana,F (2772) Sao Paulo/Bilbao 2012}) 6. O-O {C00: French: Unusual White 2nd moves} Nf6 7. d3 O-O 8. Re1 d6 9. Nbd2 Nc6 10. c3 {LiveBook: 5 Games} Rc8 11. a3 Ba6 $146 12. b4 Ne5 13. Nxe5 dxe5 14. Bf1 Qd7 15. Nf3 Qc7 16. c4 Bb7 17. Bb2 {[%cal Bc1b2,Bb2e5,Be5d6,Bd6e7][%mdl 32]} cxb4 18. Bxe5 Qd8 19. axb4 Bxb4 20. Rxa7 Bxe1 21. Qxe1 Bc6 22. Qb4 {[%mdl 1024] White has strong compensation.} Nd7 ({Black should try} 22... Ra8 $14 23. Bc7 Qc8 24. Bxb6 Rxa7 25. Bxa7 Qb7 26. Qxb7 Bxb7) 23. Bd6 $16 {Threatens to win with Be7.} Re8 24. Nd4 $1 e5 (24... Nc5 $16 25. e5 (25. Bxc5 bxc5 26. Qxc5 Bxe4 $17) 25... Ba8) 25. Nf5 $18 {[#] Black must now prevent Be7.} Ra8 26. Ne7+ Rxe7 27. Bxe7 Qc8 28. Rxa8 Qxa8 29. f4 (29. Qa3 $18) 29... f6 (29... h6 $16 {is a better defense.} 30. f5 Qa7) 30. Qd6 exf4 31. gxf4 ({Don't take} 31. Qxf4 $6 Ne5 $16) 31... Nc5 $2 {[#]} (31... b5 32. c5 b4) 32. d4 Nxe4 (32... Nb3 $142 33. d5 Be8) 33. Qe6+ {Precision: White = 72%, Black = 19%.} 1-0

[Event "33rd ECCC Open 2017"]
[Site "Antalya"]
[Date "2017.10.12"]
[Round "4"]
[White "Kazakovskiy, Valeriy"]
[Black "Wojtaszek, Radoslaw"]
[Result "0-1"]
[WhiteElo "2420"]
[BlackElo "2737"]
[Annotator "TA"]
[PlyCount "56"]
[EventType "team-tourn"]
[EventCountry "TUR"]
[SourceTitle "playchess.com"]
[Source "ChessBase"]
[SourceQuality "1"]
[WhiteTeam "MAKABI"]
[BlackTeam "Novy Bor"]

{[%evp 9,56,0,14,18,9,2,11,-2,-12,-14,4,0,0,-14,0,0,0,-58,-78,-73,-83,-147,-142,-243,-234,-227,-227,-337,-334,-339,-326,-330,-332,-347,-335,-336,-330,-400,-420,-425,-421,-568,-566,-558,-456,-493,-483,-493,-489]} 1. d4 Nf6 2. Nf3 d5 3. c4 e6 4. g3 Bb4+ 5. Bd2 (5. Nbd2 dxc4 6. Bg2 b5 7. O-O a5 8. a4 c6 9. Ne1 Nd5 10. e4 Nb6 11. Nc2 bxa4 12. e5 Be7 13. Qg4 g6 14. Ne4 {0-1 (43) Rodshtein,M (2695)-Fedoseev,V (2731) Tbilisi 2017}) 5... Bd6 6. Nc3 {E01: Catalan: Early deviations} O-O 7. Bg2 dxc4 8. e4 {[#] aiming for e5.The position is equal.} Be7 $146 ({Predecessor:} 8... Bb4 9. Qe2 b5 10. e5 Nd5 11. Nxb5 Ba6 12. Nc3 Nc6 13. Qe4 Be7 14. h4 Ndb4 {½-½ (14) Barzanu,I (2208)-Miron,L (2498) Calimanesti 2014}) 9. Qe2 a6 10. Qxc4 b5 {[%cal Bb7b5,Bb5b4][%mdl 32]} 11. Qe2 b4 12. Na4 Bd7 13. b3 ({White should try} 13. e5 $1 $11 Nd5 14. b3) 13... Bb5 $1 $15 {[%cal Rb5e2]} 14. Qe3 Nbd7 $36 {[%cal Bb8d7,Bd7c5,Bc5e4][%mdl 2080] Black is in control.} 15. Bf1 {[#]} ({White should play} 15. h3) 15... e5 $1 $17 {[%cal Be6e5,Be5d4][%mdl 544] Strongly threatening ...Ng4.} 16. Bxb5 (16. Bd3 $17) (16. dxe5 Ng4) 16... axb5 $19 17. Nb2 exd4 18. Qe2 (18. Qxd4 {was worth a try.} Bc5 19. Qd3) 18... Nc5 {...Nxb3! is the strong threat.} 19. O-O d3 ({Resist} 19... Ncxe4 20. Qxb5 c5 21. Qd3 $19) (19... Nfxe4 $2 20. Bxb4 Nc3 21. Qc2 $19) 20. Qe3 Ncxe4 (20... Nfxe4 $2 21. Bxb4 Re8 22. Rad1 $19) 21. Nxd3 Re8 22. Rfd1 c5 23. Be1 {intending Nxc5.} Bd6 24. Qc1 Qc8 {Black is clearly winning.} 25. Kg2 Qb7 26. Bd2 h6 27. Bf4 Bxf4 28. Qxf4 g5 {Precision: White = 45%, Black = 92%.} 0-1

[Event "33rd ECCC Open 2017"]
[Site "Antalya"]
[Date "2017.10.12"]
[Round "4"]
[White "Nikolovski, Nikola"]
[Black "Karjakin, Sergey"]
[Result "0-1"]
[WhiteElo "2420"]
[BlackElo "2765"]
[Annotator "TA"]
[PlyCount "54"]
[EventType "team-tourn"]
[EventCountry "TUR"]
[SourceTitle "playchess.com"]
[Source "ChessBase"]
[SourceQuality "1"]
[WhiteTeam "Asseco See"]
[BlackTeam "Globus"]

{[%evp 14,54,-42,-37,-37,-44,-42,-42,-6,-66,-66,-84,0,0,0,-196,-116,-266,-254,-253,-251,-258,-232,-322,-233,-229,-236,-238,-126,-298,-226,-249,-228,-228,-218,-228,-222,-205,-204,-562,-555,-1334,-431]} 1. e4 c5 2. Nc3 Nc6 3. f4 g6 4. Nf3 Bg7 5. Bb5 Nd4 6. Bc4 e6 7. Nxd4 {B23: Closed Sicilian: Lines without g3} cxd4 8. Ne2 {LiveBook: 6 Games} b5 $146 ({Predecessor:} 8... Ne7 9. O-O O-O 10. d3 d5 11. Bb3 e5 12. fxe5 dxe4 13. dxe4 Nc6 14. Bf4 Qb6 15. Kh1 Be6 16. Qd2 Rfe8 17. Rad1 Nxe5 18. Qxd4 {1-0 (39) Djurhuus,R (2444)-Ninov,N (2533) Oslo 2011}) 9. Bd3 {Black is slightly better.} Bb7 10. O-O Ne7 11. f5 (11. b3 $11) 11... gxf5 12. exf5 {aiming for f6.} exf5 (12... Be5 $1 $17 13. fxe6 fxe6) 13. Qe1 Qc7 14. b3 $2 (14. Ng3 $11 {and White has nothing to worry.}) 14... Be5 $36 {[%mdl 2048] Black is on the roll.} (14... O-O-O $19 15. Ba3 Be5 16. Bxe7 Rhg8) 15. Qh4 (15. Ba3 $17 Bxh2+ 16. Kh1) 15... Rg8 $19 16. Rf2 Rg4 17. Qh5 O-O-O 18. Ba3 b4 19. Bxb4 {[#]} Nd5 $1 20. Bxf5 Rg7 ({Better is} 20... Rgg8 $19 21. Bxh7 Nxb4 22. Bxg8 d3 23. cxd3 Bxa1) 21. c3 $2 (21. Ba5 $17 Qxa5 {[#]} 22. Bxd7+ $1 {[%mdl 512]} Kxd7 23. Qxe5) 21... d3 ({Weaker is} 21... dxc3 22. Bxc3 Nxc3 23. dxc3 $17) 22. Ng3 Nxb4 23. Re1 {And now Rxe5 would win.} Nc6 24. Bxd3 Rxg3 25. hxg3 Bxg3 26. Qxf7 $2 (26. Ref1 {is more resistant.}) 26... Ne5 27. Qxh7 Qc5 {Precision: White = 33%, Black = 64%.} (27... Bxf2+ $142 28. Kxf2 Ng4+ 29. Kf1 Qg3) 0-1

[Event "33rd ECCC Open 2017"]
[Site "Antalya"]
[Date "2017.10.11"]
[Round "4"]
[White "Bertagnolli, Alexander"]
[Black "Johannessen, Leif Erlend"]
[Result "1-0"]
[WhiteElo "2372"]
[BlackElo "2496"]
[Annotator "TA"]
[PlyCount "89"]
[EventType "team-tourn"]
[EventCountry "TUR"]
[SourceTitle "playchess.com"]
[Source "ChessBase"]
[SourceQuality "1"]
[WhiteTeam "Augusta Perusia"]
[BlackTeam "Oslo"]

{[%evp 15,89,0,0,0,0,0,0,0,11,7,4,0,38,33,28,35,43,22,16,4,15,18,83,77,81,95,81,86,96,9,9,9,10,8,55,68,183,158,165,152,261,244,269,282,255,250,379,350,372,302,883,876,885,771,877,878,856,827,674,652,29968,29972,29972,29972,29973,29973,29973,29973,29973,29973,29976,29977,29978,29979,29979,29979]} 1. e4 e5 2. Nf3 Nc6 3. Bb5 a6 4. Bxc6 dxc6 5. O-O Bg4 6. h3 Bh5 7. g4 Bg6 8. Nxe5 Qh4 9. Qf3 {C68: Ruy Lopez: Exchange Variation, sidelines} f6 10. Nxg6 hxg6 11. d4 {The position is equal.} (11. Kg2 g5 12. Rh1 Ne7 13. d3 O-O-O 14. Nd2 Kb8 15. Nc4 Qh7 16. Kf1 Qg8 {½-½ (63) Guseinov,G (2623)-Kriebel,T (2484) Konya 2016}) 11... Qxh3 12. Qxh3 Rxh3 13. Nc3 O-O-O 14. Kg2 Rh4 15. Be3 Bd6 (15... Rxg4+ $2 16. Kh3 $18) 16. Rh1 Rxg4+ 17. Kf3 $146 f5 18. e5 Bf8 (18... Be7 $11) 19. Rag1 $16 c5 20. d5 ({Don't play} 20. dxc5 $6 Nh6 $11) 20... Re8 21. Rxg4 fxg4+ 22. Kg2 ({Of course not} 22. Kxg4 $6 Rxe5 23. Rh8 Nf6+ 24. Kf3 Re8 $11) (22. Kf4 $16) 22... Nh6 $11 23. Bf4 $36 {[%mdl 2048] White fights for an advantage.} g5 24. Bg3 Nf5 25. Rh8 Nh4+ (25... Rd8 $14) 26. Bxh4 $18 gxh4 {[%mdl 4096] Endgame [#] KRB-KRN} 27. Ne4 $1 {[%cal Re4c5] And now Nxc5! would win.} (27. Rxh4 Rxe5 28. Rxg4 Rf5 $11) 27... Rd8 (27... Kd7 $16) 28. Rxh4 Rxd5 29. Rh8 ({Stronger than} 29. Rxg4 Rxe5 30. c4 Bd6 $15) 29... Rd8 30. Kg3 Be7 {[#]} (30... Kd7 {might work better.} 31. Kxg4 Kc6) 31. Rxd8+ $1 Kxd8 32. Kxg4 {KB-KN} g6 $2 (32... c4 33. Kf5 Ke8) 33. Nf6 c4 34. Kg5 Bc5 35. Kxg6 Bxf2 36. Kf7 Bd4 37. e6 {[%cal Be5e6,Be6e7][%mdl 32] Threatening mate with e7+.} Bxf6 38. Kxf6 {KP-KP. White mates.} Ke8 39. c3 Kf8 40. e7+ Ke8 41. Ke6 a5 42. Kf6 b5 43. a3 c5 44. Ke6 b4 45. Kd6 {Precision: White = 87%, Black = 46%.} 1-0

[Event "33rd ECCC Open 2017"]
[Site "Antalya"]
[Date "2017.10.12"]
[Round "4"]
[White "Danchevski, Orce"]
[Black "Nepomniachtchi, Ian"]
[Result "0-1"]
[WhiteElo "2367"]
[BlackElo "2733"]
[Annotator "TA"]
[PlyCount "92"]
[EventType "team-tourn"]
[EventCountry "TUR"]
[SourceTitle "playchess.com"]
[Source "ChessBase"]
[SourceQuality "1"]
[WhiteTeam "Asseco See"]
[BlackTeam "Globus"]

{[%evp 15,92,-31,-39,-40,-26,-30,-22,-32,-26,-17,-10,-11,-8,-52,-32,-67,0,0,0,0,0,0,0,0,0,0,0,0,0,0,0,-8,-18,-17,-27,-39,-27,-27,-27,-28,-22,-18,-20,-22,-28,-93,-100,-93,-101,-143,-110,-253,-251,-254,-247,-258,-247,-398,-370,-348,-264,-481,-310,-509,-477,-650,-650,-812,-740,-4586,-4133,-29982,-29983,-29981,-29982,-29983,-29981,-29981,-29982]} 1. c4 e5 2. Nc3 Nc6 3. Nf3 Nf6 4. d4 exd4 5. Nxd4 Bb4 6. Nxc6 bxc6 7. Bd2 O-O {A28: English Opening: Four Knights Variation} 8. e3 (8. a3 Bd6 9. Bg5 h6 10. Bh4 Be5 11. Qc2 Rb8 12. e3 Qe8 13. Be2 Ne4 14. Nxe4 Rxb2 15. Qd3 {0-1 (34) Danchevski,O (2357)-Morozevich,A (2683) Novi Sad 2016}) 8... d5 {LiveBook: 7 Games} 9. a3 Be7 {Black is slightly better.} 10. Be2 Be6 $146 ({Predecessor:} 10... Bf5 11. O-O Rb8 12. cxd5 Rxb2 13. Bc1 Rc2 14. Bd3 Rxc3 15. Bxf5 Qxd5 {½-½ (34) Fonrobert,G-Mangini,J Sao Paulo 1967}) 11. O-O dxc4 12. Qc2 Qb8 13. Rfc1 Rd8 14. Be1 Nd7 15. f4 Nc5 (15... Qb3 $15) 16. f5 $11 Bd5 17. e4 Nb3 18. Bf3 Qb7 19. Rab1 Nxc1 20. Rxc1 Rab8 21. exd5 cxd5 22. Nxd5 Rxd5 23. Qxc4 c6 {[#] And now ...Rc5 would win.} 24. Bxd5 cxd5 25. Qc2 h6 26. Bf2 a5 $36 {[%mdl 2048] Black is more active.} 27. Bd4 Bf6 28. Bxf6 Qb6+ 29. Qc5 Qxf6 30. Qxd5 (30. Rd1 $11) 30... Qxb2 {[%mdl 4096] Endgame KQR-KQR} 31. Qc5 Rb5 32. Qc8+ Kh7 33. h3 (33. Qc3 $17 {was necessary.}) 33... Qxa3 $19 34. f6 gxf6 35. Qc4 Kg7 36. Qf1 $2 {[#]} (36. Rc3 Qa1+ 37. Rc1) 36... Qe3+ 37. Kh1 Rf5 38. Qd1 $2 (38. Qe1 Qf4 39. Rc3) 38... Rd5 39. Qf1 $2 (39. Qe1 {was called for.} Qxe1+ 40. Rxe1) 39... a4 {[%cal Ba5a4,Ba4a3][%mdl 32]} 40. Ra1 a3 41. Qa6 Rd3 42. Rf1 Qd4 43. Qa8 Rd1 {Black mates.} 44. Rxd1 Qxd1+ 45. Kh2 Qa1 46. Qa4 h5 {Precision: White = 40%, Black = 81%.} 0-1